[Event "1. Bundesliga 2017/2018"]
[Site "Maria Enzersdorf"]
[Date "2017.11.16"]
[Round "1"]
[Board "1"]
[White "Maslik, Miroslav"]
[Black "Banusz, Tamas"]
[Result "1/2-1/2"]
[WhiteElo "2347"]
[BlackElo "2617"]
[PlyCount "77"]
[EventDate "2017.11.16"]
[EventType "team"]
[EventRounds "11"]
[EventCountry "AUT"]
[WhiteTeam "ASVOE Pamhagen"]
[BlackTeam "mpimmo Wien - SK Ottakring"]

1.d4 d5 2.c4 e6 3.Nf3 Nf6 4.g3 dxc4 5.Bg2 a6 6.Qc2 b5 7.a4 Bb7 8.axb5 axb5 9.Rxa8
Bxa8 10.Nc3 b4 11.Nd1 Bd5 12.Bg5 Nbd7 13.O-O Qa8 14.Bxf6 Nxf6 15.Ne3 b3 16.Qc1 Bb4
17.Ne5 O-O 18.Nxd5 exd5 19.Nxc4 Qa6 20.Nd2 Qxe2 21.Nxb3 Qd3 22.Qd1 Qc4 23.Qf3 Qc2
24.Rc1 Qxb2 25.Rxc7 Ne4 26.Qe3 Nc3 27.Nc5 Ne2+ 28.Kf1 Nc3 29.Bf3 Qa3 30.Qf4 Qa2 31.Kg2
Bxc5 32.Rxc5 Ne4 33.Bxe4 dxe4 34.Qxe4 Rd8 35.Re5 Qa4 36.Rd5 Re8 37.Re5 Rd8 38.Rd5
Re8 39.Re5  1/2-1/2

[Event "1. Bundesliga 2017/2018"]
[Site "Maria Enzersdorf"]
[Date "2017.11.16"]
[Round "1"]
[Board "2"]
[White "Papp, Gabor"]
[Black "Rubil, Marko"]
[Result "1-0"]
[WhiteElo "2614"]
[BlackElo "2231"]
[PlyCount "83"]
[EventDate "2017.11.16"]
[EventType "team"]
[EventRounds "11"]
[EventCountry "AUT"]
[WhiteTeam "mpimmo Wien - SK Ottakring"]
[BlackTeam "ASVOE Pamhagen"]

1.e4 e5 2.Nf3 Nc6 3.Bb5 a6 4.Ba4 Nf6 5.O-O Be7 6.d3 b5 7.Bb3 d6 8.a3 O-O 9.Nc3 Bg4
10.Be3 Nd4 11.Bxd4 exd4 12.Nd5 Nd7 13.h3 Bxf3 14.Qxf3 c6 15.Nf4 Bf6 16.Qg4 Ne5 17.Qd1
g6 18.Ne2 Nd7 19.f4 Kh8 20.Qe1 Nb6 21.Qf2 c5 22.Ba2 Bg7 23.g4 Ra7 24.g5 f5 25.gxf6
Bxf6 26.Qg2 Bg7 27.Kh1 d5 28.Bxd5 Nxd5 29.exd5 Rd7 30.f5 g5 31.a4 b4 32.Ng3 Rxd5 33.Rae1
Be5 34.Nh5 Bb8 35.Re6 Qc7 36.Nf6 Re5 37.Rxe5 Qxe5 38.Nd7 Qd6 39.Nxf8 Qxf8 40.Qxg5
Qd6 41.Qg2 Qh6 42.f6  1-0

[Event "1. Bundesliga 2017/2018"]
[Site "Maria Enzersdorf"]
[Date "2017.11.16"]
[Round "1"]
[Board "3"]
[White "Horvath, Dominik"]
[Black "Stohl, Igor"]
[Result "0-1"]
[WhiteElo "2383"]
[BlackElo "2497"]
[PlyCount "108"]
[EventDate "2017.11.16"]
[EventType "team"]
[EventRounds "11"]
[EventCountry "AUT"]
[WhiteTeam "ASVOE Pamhagen"]
[BlackTeam "mpimmo Wien - SK Ottakring"]

1.Nf3 Nf6 2.c4 e6 3.Nc3 d5 4.d4 c6 5.e3 Nbd7 6.Qc2 Bd6 7.Bd3 O-O 8.O-O dxc4 9.Bxc4
a6 10.Rd1 Qe7 11.Bd2 c5 12.a4 b6 13.d5 Ne5 14.Nxe5 Bxe5 15.Qb3 Bxc3 16.Bxc3 Nxd5 17.Bxd5
exd5 18.Qxb6 Bb7 19.Re1 Rab8 20.f3 Rfc8 21.Qb3 Ba8 22.Qc2 Rc6 23.Qf5 Re6 24.Qg4 f6
25.Qf4 Re8 26.Kf2 Qb7 27.h4 Qb8 28.Qxb8 Rxb8 29.Re2 Bc6 30.Ba5 d4 31.e4 f5 32.e5 c4
33.f4 Rg6 34.g3 Rb3 35.Rc1 Rf3+ 36.Ke1 Bd5 37.Rd2 Rfxg3 38.Rxd4 Rg1+ 39.Kf2 R6g2+
40.Ke3 Rxc1 41.Rxd5 Rg3+ 42.Kd2 Rh1 43.Kc2 Rg2+ 44.Bd2 Rxh4 45.Kb1 Rh1+ 46.Kc2 Rhh2
47.Kc1 Rxd2 48.Rxd2 Rxd2 49.Kxd2 Kf7 50.Kc3 h5 51.Kd2 Ke6 52.Ke3 g5 53.a5 gxf4+ 54.Kxf4
h4  0-1

[Event "1. Bundesliga 2017/2018"]
[Site "Maria Enzersdorf"]
[Date "2017.11.16"]
[Round "1"]
[Board "4"]
[White "Fauland, Alexander"]
[Black "Vitouch, Anatol"]
[Result "1-0"]
[WhiteElo "2419"]
[BlackElo "2318"]
[PlyCount "53"]
[EventDate "2017.11.16"]
[EventType "team"]
[EventRounds "11"]
[EventCountry "AUT"]
[WhiteTeam "mpimmo Wien - SK Ottakring"]
[BlackTeam "ASVOE Pamhagen"]

1.d4 e6 2.Nf3 f5 3.Bf4 Nf6 4.e3 d6 5.h3 Qe7 6.c4 g6 7.Nc3 Bg7 8.Be2 Nc6 9.Rc1 O-O
10.O-O h6 11.Bh2 Kh7 12.d5 Nd8 13.c5 e5 14.cxd6 cxd6 15.Qb3 Bd7 16.a4 Qf7 17.Qa3 Ne8
18.Nd2 Bf6 19.Nc4 Be7 20.Nb5 Bxb5 21.axb5 Nf6 22.Nb6 axb6 23.Qxa8 Ne4 24.Qa2 f4 25.exf4
exf4 26.Rc4 Nf6 27.Rxf4  1-0

[Event "1. Bundesliga 2017/2018"]
[Site "Maria Enzersdorf"]
[Date "2017.11.16"]
[Round "1"]
[Board "5"]
[White "Kuthan, Andreas"]
[Black "Blohberger, Felix"]
[Result "0-1"]
[WhiteElo "2194"]
[BlackElo "2429"]
[PlyCount "126"]
[EventDate "2017.11.16"]
[EventType "team"]
[EventRounds "11"]
[EventCountry "AUT"]
[WhiteTeam "ASVOE Pamhagen"]
[BlackTeam "mpimmo Wien - SK Ottakring"]

1.e4 e6 2.d4 d5 3.Nd2 c5 4.Ngf3 cxd4 5.exd5 Qxd5 6.Bc4 Qd8 7.O-O a6 8.Nb3 Nc6 9.Nbxd4
Nxd4 10.Nxd4 Qc7 11.Bb3 Bd6 12.h3 Ne7 13.Re1 O-O 14.c3 Ng6 15.Bg5 b6 16.Qh5 Nf4 17.Qh4
Ng6 18.Qh5 Bh2+ 19.Kh1 Bf4 20.Bc2 Bb7 21.Be4 Bxe4 22.Rxe4 Qc5 23.h4 h6 24.Nxe6 fxe6
25.Qxg6 hxg5 26.Qxe6+ Kh7 27.hxg5 Qxg5 28.g3 Rf6 29.Qd7 Bd6 30.Rd1 Rh6+ 31.Kg2 Qh5
32.Rh4 Qxd1 33.Qf5+ Kg8 34.Rxh6 gxh6 35.Qg6+ Kf8 36.Qf6+ Ke8 37.Qe6+ Be7 38.Qc6+ Kf7
39.Qxa8 a5 40.Qe4 Qd6 41.Qh7+ Ke8 42.Qe4 Qf6 43.Qa8+ Kf7 44.Qd5+ Kg7 45.Qb7 Kg6 46.Qe4+
Kg7 47.Qb7 h5 48.Kg1 Kh6 49.Qe4 Bc5 50.Qe2 Qf5 51.a3 a4 52.Kg2 Kh7 53.Kg1 Kg7 54.Kg2
Kf6 55.Kg1 Qg4 56.Qd3 Ke5 57.Kf1 Qh3+ 58.Kg1 Qg4 59.Kf1 h4 60.gxh4 Qxh4 61.Qg3+ Qxg3
62.fxg3 Be3 63.Ke2 Bc1  0-1

[Event "1. Bundesliga 2017/2018"]
[Site "Maria Enzersdorf"]
[Date "2017.11.16"]
[Round "1"]
[Board "6"]
[White "Steiner, Adam"]
[Black "Rusek, Walter"]
[Result "1-0"]
[WhiteElo "2188"]
[BlackElo "1897"]
[PlyCount "87"]
[EventDate "2017.11.16"]
[EventType "team"]
[EventRounds "11"]
[EventCountry "AUT"]
[WhiteTeam "mpimmo Wien - SK Ottakring"]
[BlackTeam "ASVOE Pamhagen"]

1.e4 e6 2.d4 d5 3.Nd2 dxe4 4.Nxe4 Bd7 5.Nf3 Bc6 6.Bd3 Nd7 7.O-O Ngf6 8.Ng3 Be7 9.b3
O-O 10.c4 Bxf3 11.Qxf3 c6 12.Bb2 Re8 13.Rad1 Bf8 14.Bb1 Qa5 15.Rfe1 Rad8 16.Re3 Qg5
17.h3 Bd6 18.a3 Nf8 19.Ne4 Nxe4 20.Rxe4 f5 21.Ree1 Qf4 22.Qxf4 Bxf4 23.g3 Bg5 24.d5
exd5 25.Rxe8 Rxe8 26.cxd5 cxd5 27.Bxf5 Rd8 28.Bd4 g6 29.Bg4 b6 30.h4 Be7 31.b4 Nd7
32.Be6+ Kf8 33.Bxd5 Bf6 34.Be3 Ne5 35.Bb3 Rc8 36.Rc1 Rd8 37.Rc7 Ng4 38.Rxa7 Rd3 39.Bc4
Rd1+ 40.Kg2 Nxe3+ 41.fxe3 Rc1 42.Rf7+ Ke8 43.Rxf6 Rxc4 44.Rxb6  1-0

[Event "1. Bundesliga 2017/2018"]
[Site "Maria Enzersdorf"]
[Date "2017.11.16"]
[Round "1"]
[Board "1"]
[White "Haba, Petr"]
[Black "Ragger, Markus"]
[Result "0-1"]
[WhiteElo "2454"]
[BlackElo "2673"]
[PlyCount "63"]
[EventDate "2017.11.16"]
[EventType "team"]
[EventRounds "11"]
[EventCountry "AUT"]
[WhiteTeam "Grieskirchen/Bad Schallerbach"]
[BlackTeam "SC MPOE Maria Saal"]

1.e4 e5 2.Nf3 Nc6 3.Bb5 a6 4.Ba4 d6 5.Bxc6+ bxc6 6.d4 exd4 7.Nxd4 c5 8.Ne2 g6 9.Bd2
Bg7 10.Bc3 Nf6 11.f3 O-O 12.Na3 c6 13.Qd2 d5 14.O-O-O Qb6 15.Ng3 a5 16.exd5 cxd5 17.Be5
Be6 18.Qf4 Qb4 19.c3 Qxf4+ 20.Bxf4 Nd7 21.Rhe1 d4 22.c4 Nb6 23.b3 a4 24.Kb2 axb3 25.axb3
Ra6 26.Be5 Bxe5 27.Rxe5 Rb8 28.Rc1 Na4+ 29.Kc2 d3+ 30.Kd2 Rxb3 31.Nb5 Nb6 32.Rxc5  0-1

[Event "1. Bundesliga 2017/2018"]
[Site "Maria Enzersdorf"]
[Date "2017.11.16"]
[Round "1"]
[Board "2"]
[White "Predojevic, Borki"]
[Black "Kilgus, Georg"]
[Result "1-0"]
[WhiteElo "2640"]
[BlackElo "2413"]
[PlyCount "59"]
[EventDate "2017.11.16"]
[EventType "team"]
[EventRounds "11"]
[EventCountry "AUT"]
[WhiteTeam "SC MPOE Maria Saal"]
[BlackTeam "Grieskirchen/Bad Schallerbach"]

1.e4 e6 2.d4 d5 3.Nd2 b6 4.Ngf3 Nf6 5.e5 Nfd7 6.c3 c5 7.h4 Be7 8.h5 Ba6 9.Bxa6 Nxa6
10.Nf1 O-O 11.Ne3 cxd4 12.cxd4 f6 13.h6 g6 14.exf6 Nxf6 15.O-O Nb4 16.Ne5 Rc8 17.N3g4
Nd7 18.Nf3 b5 19.Qe2 Qb6 20.Bd2 Rc6 21.Nfe5 Nxe5 22.Qxe5 Rf7 23.Bxb4 Bxb4 24.Rac1
Bd6 25.Nf6+ Kf8 26.Nd7+ Rxd7 27.Qh8+ Ke7 28.Qxh7+ Kd8 29.Qg8+ Kc7 30.h7  1-0

[Event "1. Bundesliga 2017/2018"]
[Site "Maria Enzersdorf"]
[Date "2017.11.16"]
[Round "1"]
[Board "3"]
[White "Schwabeneder, Florian"]
[Black "Naumann, Alexander"]
[Result "1/2-1/2"]
[WhiteElo "2422"]
[BlackElo "2551"]
[PlyCount "127"]
[EventDate "2017.11.16"]
[EventType "team"]
[EventRounds "11"]
[EventCountry "AUT"]
[WhiteTeam "Grieskirchen/Bad Schallerbach"]
[BlackTeam "SC MPOE Maria Saal"]

1.e4 e5 2.Nf3 Nc6 3.Bb5 a6 4.Ba4 Nf6 5.O-O Be7 6.d3 b5 7.Bb3 d6 8.a3 Na5 9.Ba2 c5
10.Nc3 Be6 11.Bg5 Nc6 12.Bxf6 Bxf6 13.Nd5 O-O 14.c3 g6 15.Qd2 Rb8 16.b4 Bg7 17.Qe3
Ne7 18.Nxe7+ Qxe7 19.Bxe6 Qxe6 20.bxc5 Rfc8 21.d4 dxc5 22.d5 Qd7 23.c4 f5 24.Rac1
fxe4 25.Qxe4 Qf5 26.Rfe1 Qxe4 27.Rxe4 b4 28.axb4 cxb4 29.c5 b3 30.c6 Rb5 31.Rb1 Rxd5
32.Rxb3 Rd1+ 33.Re1 Rxe1+ 34.Nxe1 Rxc6 35.Kf1 e4 36.Ke2 Bd4 37.Rb4 Rd6 38.Rc4 Kf7
39.Nc2 Bb6 40.Ne3 Bd4 41.Nc2 Bf6 42.Ke3 Re6 43.Nb4 Bg5+ 44.Ke2 a5 45.Nd5 Rd6 46.Ne3
Bf6 47.Rxe4 Rd4 48.Rxd4 Bxd4 49.Nc4 a4 50.f3 Ke6 51.Kd3 Kd5 52.g3 Kc5 53.f4 Bg1 54.g4
Bxh2 55.f5 gxf5 56.gxf5 Bd6 57.f6 Bf8 58.Kc3 Kc6 59.Kd4 Bc5+ 60.Ke5 Kd7 61.Kd5 Bb4
62.Nb6+ Ke8 63.Nxa4 Kf7 64.Ke5  1/2-1/2

[Event "1. Bundesliga 2017/2018"]
[Site "Maria Enzersdorf"]
[Date "2017.11.16"]
[Round "1"]
[Board "4"]
[White "Buhmann, Rainer"]
[Black "Singer, Christoph"]
[Result "1-0"]
[WhiteElo "2589"]
[BlackElo "2350"]
[PlyCount "91"]
[EventDate "2017.11.16"]
[EventType "team"]
[EventRounds "11"]
[EventCountry "AUT"]
[WhiteTeam "SC MPOE Maria Saal"]
[BlackTeam "Grieskirchen/Bad Schallerbach"]

1.e4 e5 2.Nf3 Nc6 3.Bb5 Nf6 4.O-O Nxe4 5.d4 Be7 6.Qe2 Nd6 7.Bxc6 bxc6 8.dxe5 Nb7 9.Be3
O-O 10.Re1 d5 11.c4 Be6 12.Nbd2 Qd7 13.h3 a5 14.Nd4 c5 15.Nxe6 fxe6 16.Nf3 c6 17.Rac1
a4 18.Red1 Qc7 19.Bd2 Na5 20.Bxa5 Rxa5 21.g3 Rf5 22.Re1 Ra8 23.Nh2 Raf8 24.f4 g5 25.Ng4
gxf4 26.Nh6+ Kh8 27.Nxf5 Rxf5 28.gxf4 Rxf4 29.Rf1 Bg5 30.Rxf4 Bxf4 31.Rf1 Qxe5 32.Qxe5+
Bxe5 33.Rf8+ Kg7 34.Ra8 Bxb2 35.Rxa4 Kf6 36.Kf1 Ke5 37.Ke2 Kd6 38.Ra7 e5 39.a4 e4
40.a5 dxc4 41.Kd2 Bf6 42.Rxh7 Bg5+ 43.Kd1 c3 44.Rg7 Bd2 45.a6 e3 46.a7  1-0

[Event "1. Bundesliga 2017/2018"]
[Site "Maria Enzersdorf"]
[Date "2017.11.16"]
[Round "1"]
[Board "5"]
[White "Webersberger, Johann"]
[Black "Halvax, Georg"]
[Result "1/2-1/2"]
[WhiteElo "2341"]
[BlackElo "2434"]
[PlyCount "90"]
[EventDate "2017.11.16"]
[EventType "team"]
[EventRounds "11"]
[EventCountry "AUT"]
[WhiteTeam "Grieskirchen/Bad Schallerbach"]
[BlackTeam "SC MPOE Maria Saal"]

1.Nf3 Nf6 2.g3 g6 3.b4 Bg7 4.Bb2 O-O 5.Bg2 a5 6.a3 d5 7.O-O Bf5 8.d3 axb4 9.axb4 Rxa1
10.Bxa1 Qd7 11.Nbd2 Bh3 12.Qb1 Bxg2 13.Kxg2 Na6 14.b5 Nc5 15.Qb4 b6 16.Be5 Ra8 17.Ra1
Rxa1 18.Bxa1 Ne8 19.Bxg7 Kxg7 20.Nb3 Nxb3 21.Qxb3 Qd6 22.c4 Qc5 23.cxd5 Nd6 24.e4
f6 25.Qb2 Qxb5 26.Qc3 Qc5 27.Qxc5 bxc5 28.Nd2 Kf7 29.f4 Ke8 30.Kf3 Kd7 31.e5 Nb7 32.g4
c6 33.dxc6+ Kxc6 34.Ke4 Nd8 35.h4 Ne6 36.Nf3 Ng7 37.exf6 exf6 38.g5 fxg5 39.Nxg5 Nf5
40.Ke5 Nxh4 41.Nxh7 c4 42.dxc4 Kc5 43.Nf8 Ng2 44.Nxg6 Nxf4 45.Nxf4 Kxc4  1/2-1/2

[Event "1. Bundesliga 2017/2018"]
[Site "Maria Enzersdorf"]
[Date "2017.11.16"]
[Round "1"]
[Board "6"]
[White "Kreisl, Robert"]
[Black "Lentrodt, Thomas"]
[Result "1-0"]
[WhiteElo "2406"]
[BlackElo "2276"]
[PlyCount "131"]
[EventDate "2017.11.16"]
[EventType "team"]
[EventRounds "11"]
[EventCountry "AUT"]
[WhiteTeam "SC MPOE Maria Saal"]
[BlackTeam "Grieskirchen/Bad Schallerbach"]

1.Nf3 d5 2.g3 Nf6 3.Bg2 c6 4.O-O Bf5 5.d3 h6 6.c4 dxc4 7.dxc4 Qxd1 8.Rxd1 e6 9.Nc3
Nbd7 10.Bf4 Bc5 11.h3 O-O-O 12.g4 Bh7 13.a3 Ne4 14.Nxe4 Bxe4 15.b4 Be7 16.c5 Bf6 17.Ra2
Bxf3 18.exf3 Ne5 19.Rb1 Ng6 20.Be3 Bg5 21.Bf1 a6 22.a4 Kc7 23.b5 axb5 24.axb5 Ra8
25.Rab2 cxb5 26.Rxb5 Rhb8 27.Bd4 Bf6 28.Bxf6 gxf6 29.Bd3 Nf4 30.Be4 Ra7 31.Kh2 Ne2
32.R5b3 Nd4 33.Rb6 Ne2 34.R1b3 Nd4 35.Rb2 f5 36.gxf5 exf5 37.Bd5 Rd8 38.Bxb7 Ne6 39.Rc6+
Kd7 40.Rd6+ Ke7 41.Rxd8 Kxd8 42.c6 Kc7 43.Rd2 Nc5 44.Re2 Kd6 45.Rb2 f4 46.Rb5 Ne6
47.Rh5 Ra2 48.Kg2 Rc2 49.Rxh6 Ke7 50.Rh5 Nd8 51.Re5+ Kf6 52.Re4 Ne6 53.h4 Rc5 54.Rb4
Ke5 55.Rb6 Nd4 56.Ba8 Rc3 57.h5 Nxf3 58.h6 Nh4+ 59.Kf1 Ng6 60.h7 Kf6 61.c7+ Kg7 62.Rc6
Rxc6 63.Bxc6 Ne7 64.Bd7 Kxh7 65.c8=Q Nxc8 66.Bxc8  1-0

[Event "1. Bundesliga 2017/2018"]
[Site "Maria Enzersdorf"]
[Date "2017.11.16"]
[Round "1"]
[Board "1"]
[White "Jobava, Baadur"]
[Black "Bindrich, Falko"]
[Result "1-0"]
[WhiteElo "2669"]
[BlackElo "2588"]
[PlyCount "109"]
[EventDate "2017.11.16"]
[EventType "team"]
[EventRounds "11"]
[EventCountry "AUT"]
[WhiteTeam "Schachklub Sparkasse Jenbach"]
[BlackTeam "SK Hohenems"]

1.e4 e5 2.Nf3 Nc6 3.c3 Nf6 4.d3 d5 5.Qc2 Be7 6.Be2 O-O 7.O-O a5 8.a4 Re8 9.Re1 h6
10.h3 Bf8 11.Na3 Be6 12.Nb5 Qd7 13.Bf1 Rad8 14.Be3 g6 15.Rad1 Qc8 16.Bc1 Bg7 17.Nd2
b6 18.Be2 Qb7 19.Bf3 Qb8 20.Nf1 Na7 21.Na3 c6 22.Ng3 Nc8 23.h4 h5 24.Bg5 Rd7 25.d4
exd4 26.cxd4 dxe4 27.Nxe4 Nxe4 28.Bxe4 Ne7 29.Nc4 Rxd4 30.Rxd4 Bxd4 31.Qd2 Bg7 32.Nd6
Nd5 33.Nxe8 Qxe8 34.Qe2 Qf8 35.Bxg6 Bg4 36.f3 Bd7 37.Bxh5 Qb4 38.Bg4 f5 39.Bh5 Qxb2
40.Be8 Qxe2 41.Rxe2 Nc3 42.Re1 Bxe8 43.Rxe8+ Kh7 44.Re7 Kh8 45.Be3 c5 46.g4 Nd5 47.Re8+
Kh7 48.Kf1 fxg4 49.fxg4 Nf6 50.Re6 Nxg4 51.Ke2 Nf6 52.Rxb6 Nd5 53.Rb7 Nc3+ 54.Kd3
Nxa4 55.Kc2  1-0

[Event "1. Bundesliga 2017/2018"]
[Site "Maria Enzersdorf"]
[Date "2017.11.16"]
[Round "1"]
[Board "2"]
[White "Martinovic, Sasa"]
[Black "Nisipeanu, Liviu-Dieter"]
[Result "1/2-1/2"]
[WhiteElo "2594"]
[BlackElo "2681"]
[PlyCount "47"]
[EventDate "2017.11.16"]
[EventType "team"]
[EventRounds "11"]
[EventCountry "AUT"]
[WhiteTeam "SK Hohenems"]
[BlackTeam "Schachklub Sparkasse Jenbach"]

1.d4 d5 2.c4 e6 3.Nc3 a6 4.cxd5 exd5 5.Qb3 c5 6.Nxd5 Nc6 7.Nf3 cxd4 8.e4 dxe3 9.Qxe3+
Be6 10.Nf4 Bb4+ 11.Bd2 Bxd2+ 12.Nxd2 Qd4 13.Nxe6 Qxe3+ 14.fxe3 fxe6 15.g3 Nf6 16.Bg2
Nd5 17.Ke2 Ke7 18.Rac1 Rhf8 19.Ne4 Ne5 20.Nc3 Nf6 21.Ne4 Nd5 22.Nc3 Nf6 23.Ne4 Nd5
24.Nc3  1/2-1/2

[Event "1. Bundesliga 2017/2018"]
[Site "Maria Enzersdorf"]
[Date "2017.11.16"]
[Round "1"]
[Board "3"]
[White "Volokitin, Andrei"]
[Black "Henrichs, Thomas"]
[Result "1/2-1/2"]
[WhiteElo "2632"]
[BlackElo "2476"]
[PlyCount "125"]
[EventDate "2017.11.16"]
[EventType "team"]
[EventRounds "11"]
[EventCountry "AUT"]
[WhiteTeam "Schachklub Sparkasse Jenbach"]
[BlackTeam "SK Hohenems"]

1.e4 e5 2.Nf3 Nc6 3.Bc4 Bc5 4.O-O Nf6 5.d3 O-O 6.h3 a6 7.c3 d6 8.Re1 Ba7 9.Bb3 h6
10.Nbd2 Re8 11.Nf1 Be6 12.Bc2 d5 13.exd5 Qxd5 14.Ng3 Rad8 15.Qe2 Bc5 16.b4 Bf8 17.a4
b5 18.Ne4 Nxe4 19.dxe4 Qc4 20.Qxc4 Bxc4 21.Be3 Bd3 22.Rec1 Bxc2 23.Rxc2 Rb8 24.Nd2
Nd8 25.Nb3 Ne6 26.Rd2 Rec8 27.axb5 axb5 28.Rd5 f6 29.Ra7 c6 30.Rdd7 Ra8 31.Ra5 Rab8
32.Kf1 Rd8 33.Rxd8 Nxd8 34.Ke2 Nb7 35.Ra6 Rc8 36.Ra7 Nd6 37.f3 Nc4 38.Bf2 Nb2 39.Bc5
Rd8 40.Bxf8 Kxf8 41.Rc7 Nc4 42.Ra7 Nb2 43.Ra6 Rd6 44.Na5 Rd1 45.Rxc6 Rg1 46.Kf2 Rc1
47.Rc8+ Kf7 48.Rc7+ Kg6 49.Kg3 Rc2 50.Nc6 Nd3 51.Ne7+ Kh5 52.Nf5 Ne1 53.Nxg7+ Kg6
54.h4 Rxg2+ 55.Kh3 Rf2 56.Nf5 Rxf3+ 57.Kh2 Nd3 58.Rg7+ Kh5 59.Ng3+ Kxh4 60.Nf5+ Kh5
61.Ng3+ Kh4 62.Nf5+ Kh5 63.Ng3+  1/2-1/2

[Event "1. Bundesliga 2017/2018"]
[Site "Maria Enzersdorf"]
[Date "2017.11.16"]
[Round "1"]
[Board "4"]
[White "Froewis, Georg"]
[Black "Bluebaum, Matthias"]
[Result "0-1"]
[WhiteElo "2438"]
[BlackElo "2616"]
[PlyCount "44"]
[EventDate "2017.11.16"]
[EventType "team"]
[EventRounds "11"]
[EventCountry "AUT"]
[WhiteTeam "SK Hohenems"]
[BlackTeam "Schachklub Sparkasse Jenbach"]

1.Nf3 d5 2.d4 Nf6 3.c4 e6 4.g3 Bb4+ 5.Bd2 Be7 6.Bg2 c6 7.O-O Nbd7 8.Qc2 b6 9.Rd1 O-O
10.b3 a5 11.Bc3 Bb7 12.Nbd2 Qc7 13.e4 c5 14.exd5 exd5 15.Rac1 Rfe8 16.dxc5 Bxc5 17.Bd4
Rad8 18.cxd5 Bxd5 19.Nc4 Bxf3 20.Bxf6 Bxd1 21.Bxd8 Re1+ 22.Bf1 Bxc2  0-1

[Event "1. Bundesliga 2017/2018"]
[Site "Maria Enzersdorf"]
[Date "2017.11.16"]
[Round "1"]
[Board "5"]
[White "Wagner, Dennis"]
[Black "Atlas, Valery"]
[Result "1/2-1/2"]
[WhiteElo "2550"]
[BlackElo "2456"]
[PlyCount "71"]
[EventDate "2017.11.16"]
[EventType "team"]
[EventRounds "11"]
[EventCountry "AUT"]
[WhiteTeam "Schachklub Sparkasse Jenbach"]
[BlackTeam "SK Hohenems"]

1.d4 Nf6 2.c4 c5 3.d5 e5 4.Nc3 d6 5.e4 Nbd7 6.Bd3 Be7 7.Nge2 a6 8.Ng3 g6 9.Bh6 Bf8
10.Bg5 h6 11.Be3 h5 12.h4 Be7 13.Bg5 Nf8 14.Nf1 N8h7 15.Bd2 Bd7 16.Qe2 O-O 17.Ne3
Ng4 18.g3 Qc8 19.Nxg4 Bxg4 20.f3 Bd7 21.O-O-O f5 22.exf5 gxf5 23.Bh6 Rf6 24.Bg5 Rf7
25.Bxe7 Rxe7 26.Kb1 Rg7 27.Rhg1 Nf6 28.Qc2 Rb8 29.Ka1 b5 30.Rde1 bxc4 31.Bxc4 Bb5
32.Nxb5 axb5 33.Bd3 e4 34.fxe4 c4 35.Be2 Nxd5 36.exd5  1/2-1/2

[Event "1. Bundesliga 2017/2018"]
[Site "Maria Enzersdorf"]
[Date "2017.11.16"]
[Round "1"]
[Board "6"]
[White "Baenziger, Fabian"]
[Black "Shengelia, David"]
[Result "1-0"]
[WhiteElo "2365"]
[BlackElo "2505"]
[PlyCount "69"]
[EventDate "2017.11.16"]
[EventType "team"]
[EventRounds "11"]
[EventCountry "AUT"]
[WhiteTeam "SK Hohenems"]
[BlackTeam "Schachklub Sparkasse Jenbach"]

1.d4 Nf6 2.c4 e6 3.Nc3 Bb4 4.Qc2 O-O 5.a3 Bxc3+ 6.Qxc3 b6 7.Bg5 Bb7 8.e3 d6 9.Ne2
Nbd7 10.f3 Rc8 11.Qc2 c5 12.Rd1 Qe7 13.Nc3 h6 14.Bh4 d5 15.cxd5 exd5 16.Bf2 cxd4 17.Rxd4
Nc5 18.Be2 Ne6 19.Rd2 d4 20.exd4 Nf4 21.O-O N6d5 22.Re1 Nxc3 23.bxc3 Qxa3 24.c4 Rfe8
25.Bf1 Rxe1 26.Bxe1 b5 27.Bg3 Ne6 28.Qb2 Qe3+ 29.Bf2 Qg5 30.h4 Qf4 31.d5 Rd8 32.g3
Qxf3 33.Bg2 Qf5 34.Qxb5 Ba8 35.dxe6  1-0

[Event "1. Bundesliga 2017/2018"]
[Site "Maria Enzersdorf"]
[Date "2017.11.16"]
[Round "1"]
[Board "2"]
[White "Postny, Evgeny"]
[Black "Brkic, Ante"]
[Result "1/2-1/2"]
[WhiteElo "2575"]
[BlackElo "2596"]
[PlyCount "61"]
[EventDate "2017.11.16"]
[EventType "team"]
[EventRounds "11"]
[EventCountry "AUT"]
[WhiteTeam "SIR Royal Salzburg"]
[BlackTeam "SV Pillenkoenig St. Veit"]

1.d4 Nf6 2.c4 e6 3.Nf3 d5 4.e3 Be7 5.Nc3 O-O 6.Bd3 dxc4 7.Bxc4 a6 8.a4 c5 9.O-O Nc6
10.dxc5 Bxc5 11.Qe2 Qc7 12.h3 b6 13.e4 Nd4 14.Nxd4 Bxd4 15.Rd1 Bxc3 16.bxc3 Bb7 17.Bd3
Rfd8 18.Bb2 Nd7 19.Bc2 a5 20.Rd4 e5 21.Rd2 Nc5 22.Rad1 Bc6 23.Qc4 Rxd2 24.Rxd2 Rd8
25.Rxd8+ Qxd8 26.Ba3 Qd6 27.Qa6 Qd1+ 28.Bxd1 Nxa6 29.f3 Nc5 30.Bxc5 bxc5 31.Kf2  1/2-1/2

[Event "1. Bundesliga 2017/2018"]
[Site "Maria Enzersdorf"]
[Date "2017.11.16"]
[Round "1"]
[Board "3"]
[White "Kuljasevic, Davorin"]
[Black "Mons, Leon"]
[Result "0-1"]
[WhiteElo "2538"]
[BlackElo "2542"]
[PlyCount "120"]
[EventDate "2017.11.16"]
[EventType "team"]
[EventRounds "11"]
[EventCountry "AUT"]
[WhiteTeam "SV Pillenkoenig St. Veit"]
[BlackTeam "SIR Royal Salzburg"]

1.d4 Nf6 2.c4 e6 3.Nf3 d5 4.Nc3 Be7 5.Bg5 h6 6.Bh4 O-O 7.e3 Ne4 8.Bxe7 Qxe7 9.Rc1
c6 10.Qc2 Nxc3 11.Qxc3 Nd7 12.Be2 dxc4 13.Qxc4 e5 14.O-O exd4 15.Nxd4 Nf6 16.b4 Be6
17.Nxe6 Qxe6 18.Qxe6 fxe6 19.a4 Rac8 20.Rc2 Nd5 21.Rb1 Kf7 22.h4 Ke7 23.Bf3 Rc7 24.Rc4
Rfc8 25.Rd1 Nf6 26.Rdc1 Nd5 27.Kf1 b5 28.Rg4 Kf7 29.Ra1 Rb8 30.Rd4 Kf6 31.e4 Ke5 32.Rd2
Nxb4 33.Be2 bxa4 34.Rxa4 c5 35.Bc4 Nc6 36.f3 Rb4 37.Rda2 Rcb7 38.Ke2 a5 39.Ke3 Rxa4
40.Rxa4 Rb4 41.f4+ Kf6 42.e5+ Ke7 43.Rxb4 axb4 44.h5 Na5 45.Kd3 Nxc4 46.Kxc4 Kf7 47.g3
g6 48.hxg6+ Kxg6 49.g4 Kf7 50.Kb3 Ke8 51.Kc4 Ke7 52.Kb3 Kd7 53.Kc4 Kc6 54.f5 exf5
55.gxf5 Kd7 56.Kd5 b3 57.e6+ Ke8 58.f6 b2 59.Kd6 b1=Q 60.f7+ Kf8  0-1

[Event "1. Bundesliga 2017/2018"]
[Site "Maria Enzersdorf"]
[Date "2017.11.16"]
[Round "1"]
[Board "4"]
[White "Seyb, Alexander"]
[Black "Rogic, Davor"]
[Result "0-1"]
[WhiteElo "2395"]
[BlackElo "2515"]
[PlyCount "96"]
[EventDate "2017.11.16"]
[EventType "team"]
[EventRounds "11"]
[EventCountry "AUT"]
[WhiteTeam "SIR Royal Salzburg"]
[BlackTeam "SV Pillenkoenig St. Veit"]

1.e4 e5 2.Nf3 Nc6 3.Bb5 a6 4.Ba4 Nf6 5.O-O Be7 6.d3 b5 7.Bb3 d6 8.a3 Be6 9.Nc3 Bxb3
10.cxb3 O-O 11.Be3 Nb8 12.b4 Nbd7 13.d4 c6 14.Re1 h6 15.Qc2 Rc8 16.Rad1 Qc7 17.Ne2
Rfe8 18.Ng3 Bf8 19.dxe5 dxe5 20.Bc5 g6 21.Nd2 Nxc5 22.bxc5 Qa5 23.Re3 b4 24.Nb3 Qb5
25.Ra1 bxa3 26.Rxa3 Red8 27.Rc3 Ne8 28.h4 h5 29.Qe2 Nc7 30.Ra5 Qxe2 31.Nxe2 Rd1+ 32.Kh2
Rb8 33.Nec1 Bh6 34.Ra4 Bf4+ 35.g3 Bxc1 36.Rxc1 Rd3 37.Na5 Rxb2 38.Kg1 Rdd2 39.Nxc6
Rxf2 40.Ne7+ Kg7 41.Nd5 Ne6 42.c6 Nd4 43.Rxd4 exd4 44.c7 Rg2+ 45.Kf1 Rbf2+ 46.Ke1
d3 47.Rd1 d2+ 48.Rxd2 Rxd2  0-1

[Event "1. Bundesliga 2017/2018"]
[Site "Maria Enzersdorf"]
[Date "2017.11.16"]
[Round "1"]
[Board "5"]
[White "Koop, Thorben"]
[Black "Hilverda, Alexander"]
[Result "0-1"]
[WhiteElo "2350"]
[BlackElo "2368"]
[PlyCount "130"]
[EventDate "2017.11.16"]
[EventType "team"]
[EventRounds "11"]
[EventCountry "AUT"]
[WhiteTeam "SV Pillenkoenig St. Veit"]
[BlackTeam "SIR Royal Salzburg"]

1.Nf3 d5 2.c4 d4 3.e3 Nc6 4.Nxd4 Nxd4 5.exd4 Qxd4 6.Nc3 c6 7.d3 Nh6 8.Be3 Qd8 9.Bxh6
gxh6 10.d4 Bg7 11.d5 cxd5 12.cxd5 O-O 13.Be2 Qb6 14.Qd2 Bf5 15.O-O Rac8 16.Bf3 Rc4
17.Qe2 Qc5 18.Rfe1 Rb4 19.a3 Rb3 20.Rac1 Qb6 21.Na4 Qd4 22.Rc4 Qd3 23.Rb4 Qxe2 24.Rxe2
Rc8 25.Re1 Rxb4 26.axb4 b6 27.g4 Bd7 28.Nc3 Kf8 29.Ra1 Bxc3 30.Rxa7 Bxb4 31.Rxd7 Rc2
32.b3 Bc5 33.b4 Bxb4 34.Be4 Rd2 35.f3 Bc5+ 36.Kh1 b5 37.Rb7 b4 38.Bxh7 Kg7 39.Be4
Kf6 40.Rb5 Rd1+ 41.Kg2 Rg1+ 42.Kh3 Bd6 43.Ra5 Ke5 44.Ra2 Kd4 45.Rd2+ Ke3 46.Rb2 Rh1
47.g5 hxg5 48.Kg4 Rxh2 49.Rb3+ Kd4 50.Kxg5 Ke5 51.Kg4 Rg2+ 52.Kh3 Rg8 53.Rb1 Kf4 54.Bc2
Rg3+ 55.Kh2 Rxf3 56.Kg2 Bc5 57.Ba4 Rf2+ 58.Kh1 Kg3 59.Rb3+ Rf3 60.Rb1 Bd4 61.d6 exd6
62.Bc6 Ra3 63.Bd5 f5 64.Rd1 f4 65.Bb3 f3  0-1